LEADER 00888nam0-22003251i-450- 001 990008118110403321 005 20050524133854.0 010 $a84-9779-107-X 035 $a000811811 035 $aFED01000811811 035 $a(Aleph)000811811FED01 035 $a000811811 100 $a20050524d2004----km-y0itay50------ba 101 0 $acat 102 $aES 105 $a--------001yy 200 1 $a<>critica de Gabriel Ferrater$eestudis d'una trajectoria intellectual$fJordi Julià 210 $aLleida$cPages$d2004 215 $a318 p.$d22 cm 225 1 $aArgent viu 610 0 $aFerrater, Gabriel 676 $a849.9 700 1$aJulià,$bJordi$0175563 801 0$aIT$bUNINA$c20050524$gRICA$2UNIMARC 901 $aBK 912 $a990008118110403321 952 $aP.3 B 14529$fFLFBC 959 $aFLFBC 996 $aCritica de Gabriel Ferrater$9758130 997 $aUNINA LEADER 00989nam a2200229 i 4500 001 991001405909707536 008 110929s2008 it 000 0 ita d 035 $ab14009407-39ule_inst 040 $aBiblioteca Interfacoltà$bita 082 04$a338.9457 100 1 $aNovacco, Nino$0471063 245 10$aPassato, presente e futuro del dualismo Nord/Sud :$buna sintesi di Nino Novacco, offerta all'Italia del 2008, come aiuto a capire, a riflettere, a decidere 260 $aRoma :$bAssociazione per lo sviluppo dell'industria del Mezzogiorno,$cstampa 2008 300 $a25 p. :$bill. ;$c24 cm 440 0$aQuaderni Svimez ;$v16 650 4$aEconomia agraria 907 $a.b14009407$b02-04-14$c29-09-11 912 $a991001405909707536 945 $aLE002 SP 330$g1$i2002000629050$lle002$og$pE0.00$q-$rl$s- $t0$u0$v0$w0$x0$y.i15325180$z29-09-11 996 $aPassato, presente e futuro del dualismo Nord$9242045 997 $aUNISALENTO 998 $ale002$b29-09-11$cm$da $e-$fita$git $h0$i0